[Event "7th Paleochora Open 2014"]
[Site "Paleochora GRE"]
[Date "2014.07.26"]
[Round "7.6"]
[White "Lekic, Dusan"]
[Black "Svetushkin, Dmitry"]
[Result "1-0"]
[WhiteTitle "IM"]
[BlackTitle "GM"]
[WhiteElo "2433"]
[BlackElo "2557"]
[WhiteFideId "905330"]
[BlackFideId "13900463"]
[EventDate "2014.07.21"]

1. d4 d5 2. c4 c6 3. Nf3 Nf6 4. Nc3 dxc4 5. a4 Bf5 6. Ne5 Nbd7 7. Nxc4 Nb6 8.
Ne5 a5 9. e3 h6 10. f3 e6 11. e4 Bh7 12. Be3 Bb4 13. Be2 Nfd7 14. Nd3 O-O 15.
Qb3 Qe7 16. O-O f5 17. e5 Nb8 18. Nxb4 axb4 19. a5 f4 20. Bf2 bxc3 21. axb6 Rxa1
22. Rxa1 c2 23. Bd3 Bxd3 24. Qxd3 Qb4 25. Qxc2 Nd7 26. d5 cxd5 27. Qc7 Qxb2 28.
Re1 Rf7 29. Qxb7 Nf8 30. Qc6 d4 31. Qe4 Rd7 32. Rb1 1-0

[Event "7th Paleochora Open 2014"]
[Site "Paleochora GRE"]
[Date "2014.07.26"]
[Round "7.7"]
[White "Eggleston, David J"]
[Black "Borovikov, Vladislav"]
[Result "1/2-1/2"]
[WhiteTitle "IM"]
[BlackTitle "GM"]
[WhiteElo "2409"]
[BlackElo "2556"]
[WhiteFideId "412120"]
[BlackFideId "14102811"]
[EventDate "2014.07.21"]

1. e4 e6 2. d4 d5 3. Nc3 Bb4 4. e5 c5 5. a3 Ba5 6. b4 cxd4 7. Qg4 Kf8 8. bxa5
dxc3 9. Nf3 Ne7 10. Bd3 h6 11. a4 b6 12. Ba3 Ba6 13. Bb5 Bxb5 14. axb5 Nd7 15.
O-O Kg8 16. axb6 Nxb6 17. Qb4 Ng6 18. Qxc3 Kh7 19. Qd3 Qc7 20. Bd6 Qc4 21. Nd4
Rhc8 22. g3 Na4 23. Nc6 Rxc6 24. bxc6 Qxc6 25. h4 Nb2 26. Qd4 Nc4 27. h5 Nh8 28.
Rxa7 Rxa7 29. Qxa7 Nd2 30. Rc1 Nf3+ 31. Kf1 Qc4+ 32. Kg2 Qg4 33. Qe3 Nh4+ 34.
Kg1 Nf3+ 35. Kg2 Nh4+ 36. Kg1 Nf3+ 37. Kg2 1/2-1/2

[Event "7th Paleochora Open 2014"]
[Site "Paleochora GRE"]
[Date "2014.07.26"]
[Round "7.8"]
[White "Zinchenko, Yaroslav"]
[Black "Swapnil, S. Dhopade"]
[Result "1-0"]
[WhiteTitle "GM"]
[BlackTitle "IM"]
[WhiteElo "2532"]
[BlackElo "2421"]
[WhiteFideId "14110547"]
[BlackFideId "5019184"]
[EventDate "2014.07.21"]

1. e4 c5 2. Nf3 e6 3. d4 cxd4 4. Nxd4 Nc6 5. Nc3 Qc7 6. f4 a6 7. Nxc6 Qxc6 8.
Bd3 b5 9. Qe2 Bb7 10. Bd2 Bc5 11. O-O-O Ne7 12. a3 O-O 13. Qh5 f5 14. g4 d5 15.
exf5 exf5 16. gxf5 Qf6 17. Rhe1 Nxf5 18. Re5 g6 19. Qg4 Kh8 20. Bxf5 gxf5 21.
Qe2 Bd4 22. Re6 Qh4 23. Be3 Bg7 24. Kb1 Rae8 25. Bd4 Rxe6 26. Bxg7+ Kxg7 27.
Qxe6 Qf6 28. Rg1+ Kh6 29. Qe3 Qh4 30. Rg5 Rf6 31. Qe7 1-0

[Event "7th Paleochora Open 2014"]
[Site "Paleochora GRE"]
[Date "2014.07.26"]
[Round "7.9"]
[White "Werle, Jan"]
[Black "Anurag, Mhamal"]
[Result "1-0"]
[WhiteTitle "GM"]
[BlackTitle "IM"]
[WhiteElo "2511"]
[BlackElo "2405"]
[WhiteFideId "1006088"]
[BlackFideId "5024366"]
[EventDate "2014.07.21"]

1. d4 Nf6 2. c4 e6 3. Nf3 b6 4. a3 Bb7 5. Nc3 d5 6. cxd5 Nxd5 7. Qc2 Nxc3 8.
bxc3 Qd5 9. e3 Nd7 10. Bd3 c5 11. e4 Qc6 12. d5 exd5 13. exd5 Qxd5 14. O-O O-O-O
15. Re1 Nf6 16. Rd1 Ne4 17. Bf4 Qf5 18. Bxe4 Rxd1+ 19. Rxd1 Bxe4 20. Qa4 Be7 21.
Bg3 a5 22. Re1 1-0

[Event "7th Paleochora Open 2014"]
[Site "Paleochora GRE"]
[Date "2014.07.26"]
[Round "7.10"]
[White "Gavrilov, Alexei1"]
[Black "Papasimakopoulos, Alexandros"]
[Result "1-0"]
[WhiteTitle "GM"]
[WhiteElo "2494"]
[BlackElo "2262"]
[WhiteFideId "4104358"]
[BlackFideId "4244125"]
[EventDate "2014.07.21"]

1. d4 Nf6 2. Nf3 e6 3. c4 Bb4+ 4. Bd2 Qe7 5. g3 Nc6 6. Nc3 b6 7. Bg2 Bb7 8. O-O
Na5 9. b3 O-O 10. Rc1 Rac8 11. Ne5 Bxg2 12. Kxg2 d5 13. cxd5 exd5 14. Nd3 Ba3
15. Rc2 c6 16. Nb1 Bd6 17. Bxa5 bxa5 18. Nd2 c5 19. dxc5 Bxc5 20. Nxc5 Rxc5 21.
Rxc5 Qxc5 22. Nf3 Rc8 23. Nd4 g6 24. Qd3 Qa3 25. Qa6 Re8 26. Qxf6 Qxa2 27. Rc1 1-0

[Event "7th Paleochora Open 2014"]
[Site "Paleochora GRE"]
[Date "2014.07.26"]
[Round "7.11"]
[White "Antic, Dejan"]
[Black "Milosevic, Goran"]
[Result "1/2-1/2"]
[WhiteTitle "GM"]
[BlackTitle "IM"]
[WhiteElo "2479"]
[BlackElo "2364"]
[WhiteFideId "901008"]
[BlackFideId "1304119"]
[EventDate "2014.07.21"]

1. d4 Nf6 2. c4 e6 3. g3 Bb4+ 4. Bd2 Bxd2+ 5. Qxd2 O-O 6. Bg2 d6 7. Nf3 Nc6 8.
d5 Ne7 9. Nc3 e5 10. O-O Re8 11. e4 a5 12. a3 Ng6 13. b4 b6 14. Rfc1 h6 15. c5
axb4 16. axb4 Rxa1 17. Rxa1 bxc5 18. bxc5 dxc5 19. Qe3 Qd6 20. Ra5 c6 21. Nd2
cxd5 22. exd5 Bd7 23. Qxc5 Qxc5 24. Rxc5 Rc8 25. Rxc8+ Bxc8 26. Nc4 Kf8 27. d6
Be6 28. Na5 Bd7 29. Nb7 Ke8 30. Kf1 Bc8 31. Nc5 Nf8 32. Bc6+ Kd8 33. N3a4 Ne6
34. Nxe6+ Bxe6 35. Nc5 Bd7 36. Nxd7 Nxd7 37. Ke2 Nf6 38. Kd3 Ng4 39. f3 Nxh2 40.
Ke4 f6 41. Kf5 Nf1 42. g4 Ne3+ 43. Kg6 f5 44. gxf5 h5 45. f6 gxf6 46. Kxf6 Nc4
47. Ke6 h4 48. Kd5 Na5 49. Ba8 Kd7 50. Kxe5 Nc4+ 51. Kf4 Kxd6 52. Kg4 Ne5+ 53.
Kxh4 Nxf3+ 1/2-1/2

[Event "7th Paleochora Open 2014"]
[Site "Paleochora GRE"]
[Date "2014.07.26"]
[Round "7.12"]
[White "Hristodoulou, Panagiotis"]
[Black "Petrov, Marijan"]
[Result "0-1"]
[BlackTitle "GM"]
[WhiteElo "2242"]
[BlackElo "2438"]
[WhiteFideId "4214340"]
[BlackFideId "2901773"]
[EventDate "2014.07.21"]

1. e4 g6 2. d4 Bg7 3. Nc3 d6 4. f4 Nf6 5. Nf3 O-O 6. Be3 Nbd7 7. Qd2 c5 8. dxc5
Nxc5 9. e5 Ng4 10. Bxc5 dxc5 11. O-O-O Qxd2+ 12. Rxd2 Ne3 13. Bd3 Bg4 14. Be4
Rab8 15. h3 Bxf3 16. Bxf3 Bh6 17. Ne2 f6 18. exf6 Rxf6 19. Rd3 Re6 20. h4 Kf8
21. g3 b5 22. h5 g5 23. fxg5 Bxg5 24. Nf4 Re5 25. Kb1 c4 26. Ra3 b4 27. Rxa7 Nf5
28. Ne2 Rd8 29. Rb7 Re3 30. Bg4 Nh6 31. Rf1+ Bf6 32. Bf3 c3 33. Rxb4 cxb2 34. c3
Rdd3 35. Be4 Rd2 36. Nd4 Rxe4 37. Rxb2 Rd3 38. Rb8+ Kg7 39. Kc2 Rxg3 40. Nb5 Nf7
41. Kb3 Ree3 42. Rc1 Nd6 43. Nxd6 exd6 44. Rc8 d5 45. Kb4 Re4+ 46. Kb5 Rg5 47.
Rc5 Be7 48. Rc7 Rxh5 49. a4 Kf8 0-1

[Event "7th Paleochora Open 2014"]
[Site "Paleochora GRE"]
[Date "2014.07.26"]
[Round "7.13"]
[White "Tchantcev, Chaliko"]
[Black "Zubarev, Alexander1"]
[Result "0-1"]
[BlackTitle "GM"]
[WhiteElo "2216"]
[BlackElo "2583"]
[WhiteFideId "4136551"]
[BlackFideId "14104385"]
[EventDate "2014.07.21"]

1. d4 Nf6 2. Nf3 g6 3. g3 c5 4. d5 b5 5. c4 bxc4 6. Bg2 d6 7. O-O Nbd7 8. Nfd2
Nb6 9. Nxc4 Nxc4 10. Qa4+ Nd7 11. Qxc4 Bg7 12. Nc3 Rb8 13. Nd1 O-O 14. Qc2 Ba6
15. Re1 Ne5 16. Bd2 Nc4 17. Bc3 Bxc3 18. Qxc3 Qb6 19. b3 Na3 20. e3 c4 21. Nb2
cxb3 22. axb3 Rfc8 23. Nc4 Bxc4 24. Rxa3 Bxd5 25. Qa5 Bxg2 26. Qxb6 axb6 27.
Kxg2 Ra8 28. Ra4 b5 29. Rb4 Rc5 30. Re2 Kg7 31. h4 Kf6 32. e4 e5 33. Rd2 Ke6 34.
f4 f6 35. Rd5 Ra2+ 36. Kh3 Rcc2 37. fxe5 h5 0-1

[Event "7th Paleochora Open 2014"]
[Site "Paleochora GRE"]
[Date "2014.07.26"]
[Round "7.14"]
[White "Pakleza, Zbigniew"]
[Black "Theodoulidis, Theodoros"]
[Result "1-0"]
[WhiteTitle "IM"]
[WhiteElo "2487"]
[BlackElo "2116"]
[WhiteFideId "1119290"]
[BlackFideId "4200810"]
[EventDate "2014.07.21"]

1. Nf3 Nf6 2. c4 e6 3. g3 b6 4. Bg2 Bb7 5. O-O Be7 6. b3 O-O 7. Bb2 d5 8. e3
dxc4 9. bxc4 c5 10. Qe2 Nc6 11. Nc3 Rc8 12. Rad1 a6 13. Ne1 Qc7 14. g4 Na5 15.
g5 Bxg2 16. Nxg2 Nd7 17. f4 Qc6 18. a4 Nb7 19. d3 Nd6 20. e4 Rce8 21. h4 b5 22.
axb5 axb5 23. e5 Nf5 24. Nxb5 Ra8 25. Qe4 Rfc8 26. Ra1 Qxe4 27. dxe4 Ng3 28.
Rfe1 Nb6 29. Kf2 Nxc4 30. Bc3 Rxa1 31. Bxa1 Nh5 32. Rc1 Nd2 33. Rd1 Nb3 34. Bc3
g6 35. Rd7 Kf8 36. Nd6 Rd8 37. Rb7 Nd4 38. Ba5 Ra8 39. Nc4 Nc6 40. Rb5 Rb8 41.
Bb6 Ra8 42. Ba5 Rb8 43. Rxb8+ Nxb8 44. Kf3 Nc6 45. Bc7 Ng7 46. Nge3 Ne8 47. Bb6
Nd4+ 48. Kg4 Ng7 49. Nd6 Nb3 50. Nec4 Ne8 51. Nc8 Ng7 52. N8d6 Ne8 53. h5 gxh5+
54. Kxh5 Ng7+ 55. Kg4 Ne8 56. Nc8 Ng7 57. f5 exf5+ 58. exf5 Nxf5 59. Kxf5 Nd4+
60. Kg4 Ne6 61. Nxe7 Kxe7 62. Nd6 Kf8 63. Ne4 c4 64. Be3 Kg7 65. Kf5 Nc7 66. Nc3
Na6 67. Bd4 Nb4 68. e6+ 1-0

[Event "7th Paleochora Open 2014"]
[Site "Paleochora GRE"]
[Date "2014.07.26"]
[Round "7.15"]
[White "Skembris, Spyridon"]
[Black "Soukos, Konstantinos"]
[Result "1-0"]
[WhiteTitle "GM"]
[WhiteElo "2473"]
[BlackElo "2111"]
[WhiteFideId "4200020"]
[BlackFideId "4207378"]
[EventDate "2014.07.21"]

1. d4 Nf6 2. c4 g6 3. Nc3 Bg7 4. g3 O-O 5. Bg2 d6 6. Nf3 Nbd7 7. O-O e5 8. Qc2
exd4 9. Nxd4 Nb6 10. Rd1 Qe7 11. b3 c6 12. a4 Nbd7 13. a5 a6 14. Ra2 Nc5 15. b4
Ne6 16. Nb3 Rd8 17. Na4 d5 18. Nb6 dxc4 19. Rxd8+ Qxd8 20. Qxc4 Rb8 21. Rd2 Qe7
22. Bh3 Nd5 23. Nxc8 Rxc8 24. Rxd5 Re8 25. Rd1 Rd8 26. Rxd8+ 1-0

[Event "7th Paleochora Open 2014"]
[Site "Paleochora GRE"]
[Date "2014.07.26"]
[Round "7.16"]
[White "Dorfanis, Ilarion"]
[Black "Kapnisis, Spyridon"]
[Result "0-1"]
[BlackTitle "GM"]
[WhiteElo "2162"]
[BlackElo "2455"]
[WhiteFideId "4204298"]
[BlackFideId "4203445"]
[EventDate "2014.07.21"]

1. c4 f5 2. g3 Nf6 3. Bg2 g6 4. d4 Bg7 5. Nf3 d6 6. O-O O-O 7. Nc3 c6 8. d5 e5
9. dxe6 Bxe6 10. Bf4 Bxc4 11. Bxd6 Re8 12. Qd4 Be6 13. Qb4 Qb6 14. Qa3 Ne4 15.
Be5 Bf8 16. Qa4 Nd7 17. Bd4 Qb4 18. Qxb4 Bxb4 19. Nxe4 fxe4 20. Ng5 Bf5 21. Rfd1
Nb6 22. Rac1 h6 23. Nh3 g5 24. a3 Bf8 25. Kf1 Nd5 26. Ng1 a5 27. e3 Nc7 28. Ne2
Ne6 29. Bc3 Nc5 30. h3 Nd3 31. Rc2 a4 32. g4 Bg6 33. Ng3 Nc5 34. Bb4 b6 35. Rc4
Bf7 36. Rcd4 Bg7 37. Bxc5 bxc5 38. Rxe4 Bxb2 39. Rxe8+ Bxe8 40. Nf5 c4 41. Ne7+
Kf8 42. Nxc6 Bxa3 43. Ke2 Rc8 44. Nd4 Bb2 45. Kd2 a3 46. Bd5 a2 0-1

[Event "7th Paleochora Open 2014"]
[Site "Paleochora GRE"]
[Date "2014.07.26"]
[Round "7.17"]
[White "Michelakos, Panagiotis"]
[Black "Narayanan, Srinath"]
[Result "0-1"]
[BlackTitle "IM"]
[WhiteElo "2156"]
[BlackElo "2419"]
[WhiteFideId "4216067"]
[BlackFideId "5018420"]
[EventDate "2014.07.21"]

1. e4 c5 2. Nf3 d6 3. d4 Nf6 4. Nc3 cxd4 5. Nxd4 a6 6. h3 e6 7. g4 Be7 8. Bg2
Nfd7 9. Be3 Nc6 10. Qe2 O-O 11. O-O Qc7 12. f4 Nxd4 13. Bxd4 b5 14. a3 Bb7 15.
Qf2 Rac8 16. Rad1 e5 17. Be3 exf4 18. Bxf4 Ne5 19. Qg3 Nc4 20. Nd5 Bxd5 21. Rxd5
Nxb2 22. e5 dxe5 23. Bxe5 Qb6+ 24. Bd4 Bc5 25. Rxc5 Rxc5 26. Rf5 Qc7 27. Qxc7
Rxc7 28. Bxb2 Rxc2 29. Rf2 Rfc8 30. Be4 Rxf2 31. Kxf2 b4 32. a4 b3 33. Bd3 Rc5
34. Ke3 Ra5 35. Bc4 Rxa4 36. Kd3 a5 37. Kc3 Rb4 38. Bc1 Rb6 39. Bxb3 Rf6 40. Bd5
Rf2 41. Kb3 Rh2 42. Ka4 Rxh3 43. Kxa5 Rc3 0-1

[Event "7th Paleochora Open 2014"]
[Site "Paleochora GRE"]
[Date "2014.07.26"]
[Round "7.18"]
[White "Michielsen, Joost"]
[Black "Skaperdas, Kostantinos"]
[Result "1-0"]
[WhiteTitle "IM"]
[WhiteElo "2397"]
[BlackElo "2093"]
[WhiteFideId "1008790"]
[BlackFideId "4205626"]
[EventDate "2014.07.21"]

1. e4 e6 2. d4 d5 3. Nc3 Bb4 4. e5 c5 5. a3 Bxc3+ 6. bxc3 Ne7 7. Qg4 O-O 8. Bd3
f5 9. exf6 Rxf6 10. Bg5 Rf7 11. Qh5 g6 12. Qd1 Qa5 13. Bd2 Nd7 14. Nf3 c4 15.
Be2 Nc6 16. Ng5 Re7 17. f4 Nf6 18. Bf3 Bd7 19. O-O Rae8 20. Qe1 Rg7 21. Qh4 Nxd4
22. Bd1 Nf5 23. Qe1 Qb6+ 24. Kh1 Qb2 25. Bf3 h6 26. Qe5 hxg5 27. Qxf6 Qxc2 28.
Rad1 Ba4 29. Bc1 Nh4 30. fxg5 Rf7 31. Qxf7+ Kxf7 32. Be4+ Kg7 33. Bxc2 Bxc2 34.
Rd2 Be4 35. Rdf2 Nf5 36. Kg1 Bd3 37. Re1 e5 38. Bf4 Be4 39. Be3 b6 40. g4 Nd6
41. h4 Bd3 42. h5 Ne4 43. h6+ Kg8 44. Rf6 Nxf6 45. gxf6 g5 46. Bxg5 Kf7 47. Bh4
Bg6 48. g5 d4 49. cxd4 exd4 50. Rxe8 Kxe8 51. Bf2 c3 52. Bxd4 c2 53. Bb2 Kf7 54.
Kf2 b5 55. Ke3 a5 56. Kd4 b4 57. a4 Kg8 58. Kc5 Be8 59. Kb6 c1=Q 60. Bxc1 Bxa4
61. g6 Be8 62. h7+ 1-0

[Event "7th Paleochora Open 2014"]
[Site "Paleochora GRE"]
[Date "2014.07.26"]
[Round "7.19"]
[White "Kalogeris, Ioannis"]
[Black "Jens, Jelmer"]
[Result "0-1"]
[BlackTitle "IM"]
[WhiteElo "2082"]
[BlackElo "2394"]
[WhiteFideId "4239563"]
[BlackFideId "1007394"]
[EventDate "2014.07.21"]

1. d4 Nf6 2. g3 e6 3. Bg2 c5 4. Nf3 b5 5. Ne5 d5 6. a4 b4 7. c4 Bb7 8. dxc5 Bxc5
9. O-O O-O 10. a5 Na6 11. Qa4 Qc7 12. Nd3 dxc4 13. Nxc5 Nxc5 14. Qxb4 Bxg2 15.
Kxg2 Nb3 16. Ra4 Nd5 17. Qa3 Qc6 18. f3 f5 19. Nc3 Rfd8 20. Nxd5 exd5 21. Rb4
Re8 22. e3 Nc5 23. Rd1 Nd3 24. Bd2 d4 0-1

[Event "7th Paleochora Open 2014"]
[Site "Paleochora GRE"]
[Date "2014.07.26"]
[Round "7.20"]
[White "Farahat, Ali"]
[Black "Pappelis, Dimitrios"]
[Result "1/2-1/2"]
[WhiteTitle "IM"]
[WhiteElo "2374"]
[BlackElo "2070"]
[WhiteFideId "10600507"]
[BlackFideId "4215281"]
[EventDate "2014.07.21"]

1. e4 c5 2. Nf3 Nc6 3. d4 cxd4 4. Nxd4 g6 5. c4 Nf6 6. Nc3 d6 7. Be2 Nxd4 8.
Qxd4 Bg7 9. Be3 O-O 10. Qd3 Be6 11. O-O Qa5 12. b4 Qxb4 13. Rab1 Qa5 14. Rxb7
Rfc8 15. Nd5 Bxd5 16. exd5 Qxa2 17. Bd4 Qa5 18. Ra1 Qd8 19. Qe3 Rcb8 20. Raxa7
Rxa7 21. Rxb8 Qxb8 22. Bxa7 Qb1+ 23. Bf1 Qe4 24. Qb6 h5 25. h3 Kh7 26. Qe3 1/2-1/2

[Event "7th Paleochora Open 2014"]
[Site "Paleochora GRE"]
[Date "2014.07.26"]
[Round "7.21"]
[White "Malikentzos, Sotirios"]
[Black "Papadopoulos, Argirios"]
[Result "1-0"]
[WhiteTitle "FM"]
[WhiteElo "2352"]
[BlackElo "2019"]
[WhiteFideId "4215079"]
[BlackFideId "4241509"]
[EventDate "2014.07.21"]

1. d4 Nf6 2. c4 e6 3. g3 d5 4. Nf3 dxc4 5. Bg2 c5 6. O-O Nc6 7. Ne5 Bd7 8. Nxc4
b5 9. Ne5 Rc8 10. Nxd7 Qxd7 11. dxc5 Bxc5 12. Nc3 a6 13. Bg5 Qxd1 14. Rfxd1 Ke7
15. Rac1 Na5 16. Ne4 Bb6 17. Bd2 Rxc1 18. Rxc1 Nxe4 19. Bxe4 Rd8 20. Bb4+ Ke8
21. Bd3 Kd7 22. a4 Nb3 23. Rf1 bxa4 24. Bxa6 Kc6 25. e3 Ba5 26. Bxa5 Nxa5 27.
Ra1 Kb6 28. Rxa4 Kxa6 29. b4 Rd5 30. bxa5 Rxa5 31. Rd4 Kb6 32. Rd8 Ra7 33. g4 h6
34. Rg8 f6 35. Kg2 Kc6 36. Kg3 Kd5 37. Rd8+ Ke5 38. Kh4 Ke4 39. Kg3 f5 40. Re8
Ke5 41. Rf8 Re7 42. Kh4 Ra7 43. h3 fxg4 44. hxg4 Kd6 45. Rg8 Rf7 46. f4 Ke7 47.
g5 e5 48. f5 Rxf5 49. Rxg7+ Kf8 50. gxh6 Rf7 51. Rg3 Rf6 52. Kg5 Rf1 53. Kg6 Kg8
54. Rg5 e4 55. Rg4 Re1 56. Rxe4 Rg1+ 57. Kf5 Kh7 58. Re6 Rf1+ 59. Ke5 Rd1 60. e4
Rd2 1-0

[Event "7th Paleochora Open 2014"]
[Site "Paleochora GRE"]
[Date "2014.07.26"]
[Round "7.22"]
[White "Kolodkin, Daniil"]
[Black "Kourkoulos-Arditis, Stamatis"]
[Result "0-1"]
[BlackTitle "FM"]
[WhiteElo "2052"]
[BlackElo "2330"]
[WhiteFideId "1039776"]
[BlackFideId "4221990"]
[EventDate "2014.07.21"]

1. e4 c5 2. Nf3 e6 3. d4 cxd4 4. Nxd4 Nc6 5. Nc3 Qc7 6. Be3 a6 7. Qf3 Nge7 8.
Qg3 Qxg3 9. hxg3 Nxd4 10. Bxd4 b5 11. Bc5 Nc6 12. Bxf8 Kxf8 13. O-O-O Ke7 14.
Be2 Bb7 15. Rd2 d6 16. a4 b4 17. Nd1 e5 18. Ne3 Nd4 19. f3 Rac8 20. Bc4 h6 21.
b3 Rc5 22. g4 a5 23. Rhd1 h5 24. Nf5+ Nxf5 25. gxf5 Rh6 26. Rh1 h4 27. Kb2 Bc6
28. c3 bxc3+ 29. Kxc3 Rh8 30. Rb2 Kf6 31. b4 axb4+ 32. Rxb4 d5 33. exd5 Bxd5 34.
Kb3 Rxc4 35. Rxc4 Bxc4+ 36. Kxc4 Kxf5 37. a5 Kf4 38. a6 Kg3 0-1

[Event "7th Paleochora Open 2014"]
[Site "Paleochora GRE"]
[Date "2014.07.26"]
[Round "7.23"]
[White "Kang, Chuanqi"]
[Black "Mihopoulos, Konstantinos"]
[Result "1-0"]
[WhiteTitle "FM"]
[WhiteElo "2327"]
[BlackElo "2034"]
[WhiteFideId "8601453"]
[BlackFideId "4217110"]
[EventDate "2014.07.21"]

1. e4 g6 2. d4 c6 3. c4 Bg7 4. Nc3 d6 5. Be3 Qc7 6. Qd2 e5 7. Nge2 h5 8. O-O-O
Ne7 9. f4 Bd7 10. c5 dxc5 11. dxe5 Na6 12. Qd6 Qxd6 13. exd6 Ng8 14. Ng3 b5 15.
e5 c4 16. Nge4 Nh6 17. a4 Nf5 18. Bf2 O-O 19. axb5 cxb5 20. Nd5 Bc6 21. Be2 Kh8
22. Rhg1 Rac8 23. g3 Nb4 24. Nxb4 Bxe4 25. Bxa7 Ra8 26. Bb6 Ra4 27. d7 Rxb4 28.
d8=Q Rxd8 29. Rxd8+ Kh7 30. Bd1 c3 31. b3 c2 32. Bxc2 Bxc2 33. Kxc2 g5 34. Bc5
Re4 35. Kd3 1-0

[Event "7th Paleochora Open 2014"]
[Site "Paleochora GRE"]
[Date "2014.07.26"]
[Round "7.24"]
[White "Cafaro, Luca"]
[Black "Markidis, Konstantinos"]
[Result "0-1"]
[WhiteElo "2026"]
[BlackElo "2314"]
[WhiteFideId "859818"]
[BlackFideId "4203500"]
[EventDate "2014.07.21"]

1. e4 e6 2. d4 d5 3. Nc3 Nf6 4. Bg5 Bb4 5. e5 h6 6. Bc1 Ne4 7. Qg4 g6 8. Ne2 c5
9. a3 Bxc3+ 10. bxc3 cxd4 11. cxd4 Qa5+ 12. c3 Nc6 13. Qh3 b6 14. f3 Nxd4 15.
fxe4 Nc2+ 16. Kf2 Nxa1 17. Nd4 Qc5 18. Qe3 O-O 19. Bb2 f6 20. Qxh6 fxe5+ 21. Kg3
Rf7 22. Nf3 dxe4 23. Nh4 Nc2 24. Be2 Qe3+ 25. Qxe3 Nxe3 26. Re1 Nf5+ 27. Kg4 Kg7
28. Bc4 Bd7 29. Bb3 Rh8 0-1

[Event "7th Paleochora Open 2014"]
[Site "Paleochora GRE"]
[Date "2014.07.26"]
[Round "7.25"]
[White "Theodorou, Nikolas"]
[Black "Kerkhof, Michel"]
[Result "1-0"]
[WhiteElo "2257"]
[BlackElo "1954"]
[WhiteFideId "4262875"]
[BlackFideId "1022563"]
[EventDate "2014.07.21"]

1. e4 c5 2. Nf3 d6 3. Bb5+ Nd7 4. O-O a6 5. Bxd7+ Bxd7 6. d4 cxd4 7. Qxd4 e5 8.
Qd3 Bc6 9. c4 Nf6 10. Nc3 Be7 11. Bg5 Qc7 12. Bxf6 Bxf6 13. Ne1 O-O 14. Nc2 Rac8
15. b3 Qb8 16. a4 Bd8 17. Rfd1 Bc7 18. Ne3 Rfe8 19. Ned5 Bd8 20. a5 Qa7 21. b4
Re6 22. Ra2 h6 23. g3 Kf8 24. Kg2 Rg6 25. Na4 Bxa4 26. Rxa4 Qa8 27. Ra3 Rc6 28.
Rc1 Qc8 29. Qe2 h5 30. Qxh5 Rh6 31. Qf5 Qxf5 32. exf5 Rh5 33. g4 Bg5 34. Rc2 Rh4
35. h3 Ke8 36. Rb3 Bd8 37. Rbc3 Kd7 38. c5 Rh6 39. Ne3 dxc5 40. Rxc5 Rxc5 41.
Rxc5 Be7 42. Rc4 Rc6 43. Re4 Kd6 44. Nc4+ Kd5 45. Rxe5+ 1-0

[Event "7th Paleochora Open 2014"]
[Site "Paleochora GRE"]
[Date "2014.07.26"]
[Round "7.26"]
[White "Skagseth, Havard M"]
[Black "Christiansen, Johan-Sebastian"]
[Result "1/2-1/2"]
[WhiteElo "1946"]
[BlackElo "2252"]
[WhiteFideId "1511572"]
[BlackFideId "1512668"]
[EventDate "2014.07.21"]

1. e4 e6 2. d4 d5 3. Nc3 Nf6 4. Bg5 dxe4 5. Nxe4 Be7 6. Nxf6+ Bxf6 7. Bxf6 Qxf6
8. Nf3 O-O 9. c3 b6 10. Be2 Bb7 11. O-O Nd7 12. Re1 Rfd8 13. Qc2 h6 14. Rad1
Rac8 15. Nd2 c5 16. Bf3 Bxf3 17. Nxf3 cxd4 18. Rxd4 Nc5 19. Red1 Re8 20. Rd6 Qe7
21. b4 Na6 22. a3 Nb8 23. h3 Qc7 24. R6d3 Qb7 25. Qe2 Qa6 26. Qb2 Qb5 27. Nd4
Qa6 28. Nf3 Qa4 29. Ne5 Na6 30. Rd7 Rf8 31. R1d3 Nc7 32. c4 Ne8 33. Qd4 Nf6 34.
Re7 Rce8 35. Rc7 Rc8 36. Re7 Qa6 37. Ng4 Nxg4 38. Qxg4 Rxc4 39. Qf3 Rf4 40. Qxf4
Qxd3 41. Rxa7 Qc3 42. g3 e5 43. Qf5 Qa1+ 44. Kg2 Qb2 45. Qf3 Qd4 46. Qf5 Qd5+
47. Kh2 Re8 48. Qd7 Qxd7 49. Rxd7 Ra8 50. Rb7 Rxa3 51. Rxb6 Rb3 52. b5 Kh7 53.
h4 h5 54. Kg2 f6 55. Rb7 Kg6 56. b6 e4 57. Re7 f5 58. b7 Rb2 59. Kf1 Kf6 60. Rc7
g6 1/2-1/2

[Event "7th Paleochora Open 2014"]
[Site "Paleochora GRE"]
[Date "2014.07.26"]
[Round "7.27"]
[White "Tsiros, Fragkiskos Vlasios"]
[Black "Tchernyi, Viktor"]
[Result "0-1"]
[BlackTitle "FM"]
[WhiteElo "2018"]
[BlackElo "2207"]
[WhiteFideId "4228200"]
[BlackFideId "4127757"]
[EventDate "2014.07.21"]

1. e4 e5 2. Nf3 Nc6 3. Bb5 a6 4. Ba4 d6 5. O-O Bd7 6. c3 Nge7 7. d4 Ng6 8. d5
Nb8 9. Bxd7+ Nxd7 10. c4 Be7 11. Nc3 h6 12. Ne2 Bg5 13. Ng3 Bxc1 14. Rxc1 a5 15.
b3 Nf4 16. Nf5 g6 17. Ne3 Nc5 18. Qc2 Qf6 19. Rcd1 Nh3+ 20. Kh1 O-O 21. Ne1 Ng5
22. f3 Qf4 23. Qf2 Nh7 24. g3 Qg5 25. h4 Qe7 26. Qc2 Nf6 27. Kg2 Nh5 28. Nd3 b6
29. Nf2 Ng7 30. Rh1 f5 31. h5 Qg5 32. Qe2 Nxh5 33. Rxh5 Qxh5 34. g4 fxg4 35.
Nexg4 Qg5 36. Nh3 Qh4 37. Rh1 h5 38. Ne3 Qf6 39. Rg1 Qh4 40. Kh2 Kh7 41. Rg5 Kh6
42. Ng2 Qxg5 43. Nxg5 Kxg5 44. Qe3+ Kf6 45. Nh4 Rg8 46. Kg3 Kg7 47. Qg5 Kh7 48.
Kf2 Nd3+ 49. Ke2 Nf4+ 50. Kd2 Rg7 51. Qf6 Re8 52. Ke3 Ree7 53. Qg5 Ref7 54. Kd2
Rg8 55. Ke3 a4 56. b4 a3 57. Kd2 Rgf8 58. Qg1 Kh6 59. Qe3 Ra8 60. Kc2 Kh7 61.
Kb3 Nh3 62. Qe1 Ng5 63. Qe3 Rf4 64. Qg1 Kh6 65. Qg3 Raf8 66. Ka4 R8f6 67. Kb5
Nxf3 68. Nxf3 Rxf3 69. Qe1 g5 70. Kc6 Rf1 71. Qc3 R6f3 72. Qc2 R1f2 73. Qa4 h4
74. Kxc7 h3 75. Qe8 Rf7+ 76. Kxd6 h2 77. Kxe5 h1=Q 78. Qe6+ Kg7 79. d6 R2f6 80.
Qg4 Qh2+ 0-1